| 000 | 01009nam a22002417a 4500 | ||
|---|---|---|---|
| 003 | OSt | ||
| 005 | 20250414092121.0 | ||
| 008 | 240827b ||||| |||| 00| 0 eng d | ||
| 040 | _c0 | ||
| 082 | _aDPer 570 J826 2021 v. 53 n. 1-5. | ||
| 100 |
_4Gil, Sergio Gustavo Rodriguez. _eauthor. _959050 |
||
| 245 |
_aConceptions of meiosis : _bmisunderstandings among university students and errors / _c Sergio Gustavo Rodriguez Gil, Maia Fradkin and America nitxin Castaneda-Sortibran. |
||
| 260 |
_aUnited Kingdom ; _bTaylor & Francis Group, _cApril 2019. |
||
| 300 |
_avolume 53, pages 191-204, _billusteration. |
||
| 500 | _aJournal of Biological Education, v. 53 n. 2, pages 191-204, April 2019. | ||
| 650 | 0 |
_aMeiosis. _966437 |
|
| 650 | 0 |
_amisunderstandings. _966438 |
|
| 651 | 0 |
_auniversity students. _966439 |
|
| 700 |
_aGil, Sergio Gustavo Rodriguez. _eauthor. _959051 |
||
| 700 |
_aFradkin, Maia. _eauthor. _959052 |
||
| 700 |
_a Castaneda-Sortibran, America nitxin. _eauthor. _959053 |
||
| 942 |
_2ddc _cPER |
||
| 999 |
_c20925 _d20925 |
||